书目信息 |
| 题名: |
观赏鱼饲养一本通
|
|
| 作者: | 蒋青海 主编 | |
| 分册: | ||
| 出版信息: | 长春 吉林科学技术出版社 2015 |
|
| 页数: | 204页, [1] 页图版 | |
| 开本: | 24cm | |
| 丛书名: | ||
| 单 册: | ||
| 中图分类: | S965.8 | |
| 科图分类: | ||
| 主题词: | 观赏鱼类--Guan Shang Yu Lei--鱼类养殖 | |
| 电子资源: | ||
| ISBN: | 978-7-5384-8302-4 | |
| 000 | 00924nam0 2200241 450 | |
| 001 | 1654612422 | |
| 005 | 20141001231359.0 | |
| 010 | @a978-7-5384-8302-4@dCNY29.90 | |
| 100 | @a20151202d2015 em y0chiy50 ea | |
| 101 | 0 | @achi |
| 102 | @aCN@b220000 | |
| 105 | @aaf z 000yy | |
| 106 | @ar | |
| 200 | 1 | @a观赏鱼饲养一本通@AGuan Shang Yu Si Yang Yi Ben Tong@f蒋青海主编 |
| 210 | @a长春@c吉林科学技术出版社@d2015 | |
| 215 | @a204页, [1] 页图版@c彩图@d24cm | |
| 330 | @a本书收录世界各地500多种水族箱观赏鱼,700余幅彩色照片,并在作者的精心编纂下,使读者和养鱼爱好者能轻松地鉴别各类观赏鱼。对每一种鱼的介绍都力求文字精确简练,所配彩色照片显示其主要特点及鉴别特征。名词解释简明扼要,有助于读者理解书中的专有名词。 | |
| 333 | @a大众读者。 | |
| 606 | 0 | @a观赏鱼类@AGuan Shang Yu Lei@x鱼类养殖 |
| 690 | @aS965.8@v5 | |
| 701 | 0 | @a蒋青海@AJiang Qing Hai@4主编 |
| 801 | 0 | @aCN@b江苏新华@c20150511 |
| 905 | @aBZT@dS965.8@e111 | |
| 观赏鱼饲养一本通/蒋青海主编.-长春:吉林科学技术出版社,2015 |
| 204页, [1] 页图版:彩图;24cm |
| 使用对象:大众读者。 |
| ISBN 978-7-5384-8302-4:CNY29.90 |
| 本书收录世界各地500多种水族箱观赏鱼,700余幅彩色照片,并在作者的精心编纂下,使读者和养鱼爱好者能轻松地鉴别各类观赏鱼。对每一种鱼的介绍都力求文字精确简练,所配彩色照片显示其主要特点及鉴别特征。名词解释简明扼要,有助于读者理解书中的专有名词。 |
| ● |
| 相关链接 |
|
|
|
正题名:观赏鱼饲养一本通
索取号:S965.8/111
 
预约/预借
| 序号 | 登录号 | 条形码 | 馆藏地/架位号 | 状态 | 备注 |
| 1 | 796054 | 2000796054 | 第二书库/ [索取号:S965.8/111] | 在馆 | |
| 2 | 796055 | 2000796055 | 第二书库/ [索取号:S965.8/111] | 在馆 | |
| 3 | 796056 | 2000796056 | 第二书库/ [索取号:S965.8/111] | 在馆 |